|
|
|
|
| LEADER |
00000n m0a2200000 4500 |
| 001 |
50894 |
| 005 |
20231031033814.0 |
| 035 |
|
|
|a (RuTPU)RU\TPU\book\53282
|
| 090 |
|
|
|a 50894
|
| 100 |
|
|
|a 20030422d1977 m y0rusy50 ca
|
| 101 |
0 |
|
|a rus
|
| 102 |
|
|
|a RU
|
| 105 |
|
|
|a a j 001zy
|
| 200 |
1 |
|
|a Паровые и газовые турбины
|e учебник
|f А. Н. Смоленский
|
| 210 |
|
|
|a Москва
|c Машиностроение
|d 1977
|
| 215 |
|
|
|a 288 с.
|c ил.
|
| 320 |
|
|
|a Библиогр.: с. 287.
|
| 610 |
1 |
|
|a теплотехника
|
| 610 |
1 |
|
|a паровые турбины
|
| 610 |
1 |
|
|a газовые турбины
|
| 610 |
1 |
|
|a теплоэнергетика
|
| 610 |
1 |
|
|a турбины
|
| 610 |
1 |
|
|a ступени
|
| 610 |
1 |
|
|a многоступенчатые турбины
|
| 610 |
1 |
|
|a конструкции
|
| 610 |
1 |
|
|a прочность
|
| 610 |
1 |
|
|a элементы
|
| 610 |
1 |
|
|a роторы
|
| 610 |
1 |
|
|a статоры
|
| 610 |
1 |
|
|a учебники
|
| 675 |
|
|
|a 621.165(075.32)
|v 3
|
| 675 |
|
|
|a 621.438(075.32)
|v 3
|
| 700 |
|
1 |
|a Смоленский
|b А. Н.
|g Алексей Николаевич
|
| 801 |
|
1 |
|a RU
|b 63413507
|c 20030422
|g PSBO
|
| 801 |
|
2 |
|a RU
|b 63413507
|c 20200709
|g PSBO
|
| 942 |
|
|
|c BK
|